Higher or Lower - Mountains - Statistics

General Stats
  • This quiz has been taken 51 times
  • The average score is 12 of 16
Answer Stats
Hint Extra Hint Explanation Answer % Correct
Denali Previous Mountain: Mount Vesuvius 6190m - 1281m Higher
93%
Mount Everest Previous Mountain: Mount Elbrus 8848m - 5642m Higher
91%
Matterhorn Previous Mountain: Mount Etna 4478m - 3326m Higher
89%
K2 First Mountain: Mount Everest 8611m - 8848m Lower
86%
Mount Kilimanjaro Previous Mountain: K2 5895m - 8611m Lower
84%
Mount Fuji Previous Mountain: Mount Kilimanjaro 3776m - 5895m Lower
77%
Mount Vesuvius Previous Mountain: Mount Fuji 1281m - 3776m Lower
75%
Mont Blanc Previous Mountain: Denali 4809m - 6190m Lower
75%
Mount Olympus Previous Mountain: Mont Blanc 2918m - 4809m Lower
75%
Mount Rushmore Previous Mountain: Mount Olympus 1745m - 2918m Lower
73%
Mount Saint Helens Previous Mountain: Mount Kenya 2549m - 5199m Lower
70%
Mount Etna Previous Mountain: Mount Rushmore 3326m - 1745m Higher
66%
Mount Kenya Previous Mountain: Krakatoa 5199m - 813m Higher
66%
Mount Elbrus Previous Mountain: Mount Ararat 5642m - 5137m Higher
66%
Krakatoa Previous Mountain: Matterhorn 813m - 4478m Lower
66%
Mount Ararat Previous Mountain: Mount Saint Helens 5137m - 2549m Higher
59%
No matching quizzes found
Score Distribution
Percent of People with Each Score
Percentile by Number Answered
Your Score History
You have not taken this quiz